000 00536nam a2200217Ia 4500
003 OSt
005 20240912111139.0
008 240126s9999 xx 000 0 und d
020 _a9789384310547
040 _c0
041 _aEnglish
082 _a346.092 MYN;1 R
100 _aMyneni, S R. Lakshminath, A.
245 0 _aLaw of investment and securities
250 _a1st ed.
260 _bAsia Law House
_aHyderabad
300 _axlviii, 638
440 _aNULL
650 _aLaw,investment,securities
942 _cLL
_2ddc
999 _c280637
_d280637